Geography I - Statistics

General Stats
  • This quiz has been taken 65 times
  • The average score is 11 of 15
Answer Stats
Hint Answer % Correct
Persia or ____ Iran
100%
Home of Pizza Pasta Spaghetti and Pisa Italy
98%
Americas potato state Idaho
90%
Peninsula that Spain andPortugal share Iberia
88%
Côte d'Ivoire other name IvoryCoast
88%
A very historic city in turkey Istanbul
87%
The most important Dutch Colony Indonesia
81%
Longest river that cuts Pakistan in half Indus
77%
The 3rd largest island inEurope Ireland
75%
People native to the Arctic Inuit
71%
Had 75 percent of forest cutDown and have volcanoes Iceland
69%
One of the happiest yetSaddest nations India
62%
A sea that splits Italy from Greece Ionian Sea
54%
Largest city in the Austrian Panhandle Innsbruck
50%
The crossroads of America Indianapolis
23%
No matching quizzes found
Score Distribution
Percent of People with Each Score
Percentile by Number Answered
Your Score History
You have not taken this quiz